Statistics for Top Citrus Producing Countries

Click here to take the quiz!

General Stats

  • This quiz has been taken 33 times
  • The average score is 8 of 10

Answer Stats

TonnesCountry% Correct
20,682,309Brazil
100%
6,851,000Mexico
97%
10,017,000United States
97%
19,617,100China
91%
6,286,000India
91%
5,703,600Spain
82%
3,579,782Italy
79%
3,102,414Turkey
79%
3,739,000Iran
70%
3,325,000Nigeria
27%

Score Distribution

Percentile by Number Answered

Percent of People with Each Score

Your Score History

You have not taken this quiz